Špecifické spôsoby financovania malých a stredných podnikov v súčasnosti
Zdroje financovania podnikov. Prehľad najdôležitejších zdrojov financovania podnikov - cudzích a vlastných. Výber správneho modelu financovanie. Špecifické metódy financovania podnikov. Bootstrapping, business angel, crowdfunding.
Gespeichert in:
| 1. Verfasser: | |
|---|---|
| Format: | Buchkapitel |
| Sprache: | Slowakisch |
| Schlagworte: | |
| Tags: |
Keine Tags, Fügen Sie das erste Tag hinzu!
|
MARC
| LEADER | 00000nla a2200000 4500 | ||
|---|---|---|---|
| 001 | 0200411 | ||
| 005 | 20240502073405.0 | ||
| 041 | 0 | |a slo | |
| 044 | |a SK | ||
| 245 | 1 | 0 | |a Špecifické spôsoby financovania malých a stredných podnikov v súčasnosti |c Michaela Strižencová |
| 520 | |a Zdroje financovania podnikov. Prehľad najdôležitejších zdrojov financovania podnikov - cudzích a vlastných. Výber správneho modelu financovanie. Špecifické metódy financovania podnikov. Bootstrapping, business angel, crowdfunding. | ||
| 610 | 2 | 0 | |a podnik malý |
| 610 | 2 | 0 | |a podnik stredný |
| 610 | 2 | 0 | |a financovanie podnikov |
| 610 | 2 | 0 | |a zdroje finančné cudzie |
| 610 | 2 | 0 | |a zdroje finančné vlastné |
| 610 | 2 | 0 | |a investori |
| 610 | 2 | 0 | |a kapitál rizikový |
| 100 | 1 | |a Strižencová, Michaela | |